Brief Calculus with Application (Record no. 1031)

MARC details
005 - DATE AND TIME OF LATEST TRANSACTION
control field 20250320143448.0
020 ## - INTERNATIONAL STANDARD BOOK NUMBER
International Standard Book Number 0-07-557411-X
082 ## - DEWEY DECIMAL CLASSIFICATION NUMBER
Classification number 515 BUR
100 ## - MAIN ENTRY--PERSONAL NAME
Author name BURGMEIER, J.W.
245 ## - TITLE STATEMENT
Title Brief Calculus with Application
260 ## - PUBLICATION, DISTRIBUTION, ETC.
Place of publication, distribution, etc. New York
Name of publisher, distributor, etc. McGraw-Hill Publishing Company
Date of publication, distribution, etc. 1990
300 ## - PHYSICAL DESCRIPTION
Extent xvi,447p., ill., pictures, tables,
Other physical details Index,
Dimensions 26cm.
700 ## - ADDED ENTRY--PERSONAL NAME
Other authors/Editors BOISEN, M.B. & LARSEN, M.D.
942 ## - ADDED ENTRY ELEMENTS (KOHA)
Source of classification or shelving scheme Dewey Decimal Classification
Koha item type Books
Holdings
Date last seen Total checkouts Full call number Barcode Price effective from Koha item type Lost status Source of classification or shelving scheme Damaged status Not for loan Withdrawn status Home library Current library Shelving location Date acquired Cost, normal purchase price
03/20/2025   515 BUR, L.M. 000001568 03/20/2025 Books   Dewey Decimal Classification       College of Business Education Main Library College of Business Education Main Library General Collection 03/20/2025 70000.00
03/20/2025   515 BUR, L.M. 000001569 03/20/2025 Books   Dewey Decimal Classification       College of Business Education Main Library College of Business Education Main Library General Collection 03/20/2025 70000.00
03/20/2025   515 BUR, L.M. 000001570 03/20/2025 Books   Dewey Decimal Classification       College of Business Education Main Library College of Business Education Main Library General Collection 03/20/2025 70000.00